000 00661nam a22001697a 4500
003 NUST
038 _aNusrat Nadeem
082 _a200
100 _aNaveed, Mahnoor
_9126234
245 _aEvaluating Practitioner Perceptions on the Environmental Impacts of Transport Sector Emissions in Pakistan and the Integration of Climate Finance in supporting proposed solutions/
_cMahnoor Naveed,
264 _aIslamabad;
_bS3H NUST;
_c2024.
300 _a96,p;
_bill;
_c30,cm.
650 _aMS-Development Studies
_9123041
700 _aSupervisor: Dr. Tauqeer Hussain Shah
_9125297
856 _u http://10.250.8.41:8080/xmlui/handle/123456789/47002
942 _2ddc
_cSC
999 _c611967
_d611967